Návrh riešenia ergonomickej racionalizácie na oddelení logistiky v podniku Heineken Slovensko, a.s.

Saved in:
Bibliographic Details
Main Author: Balog, Dávid (Author)
Other Authors: Marková, Petra (Thesis advisor)
Format: Manuscript Book
Language:Slovak
Published: 2017
Subjects:
Online Access:http://is.stuba.sk/zp/portal_zp.pl?podrobnosti=126287
Tags: Add Tag
No Tags, Be the first to tag this record!

MARC

LEADER 00000ntm a22000003a 4500
001 stuzp62188
003 SK-STU
005 20170603210323.0
007 ta
008 150427s2015----xo-----f-mn---000-0-slo-d
040 |a STU  |b slo 
041 0 |a slo 
100 1 |a Balog, Dávid  |u 064000  |k Z4  |4 aut  |U MTF Materiálovotechnologická fakulta  |T MTF Ústav priemyselného inžinierstva a manažmentu  |X 46997  |U M4000  |Y 84  |7 46997 
242 0 1 |a Proposal of Ergonomic Rationalization in Logistics Section in the company of Heineken Slovensko, a.s.  |y eng 
245 1 0 |a Návrh riešenia ergonomickej racionalizácie na oddelení logistiky v podniku Heineken Slovensko, a.s. 
260 |c 2017 
650 4 |a ergonomická racionalizácia  |2 slo 
650 4 |a Heineken Slovensko  |2 slo 
650 4 |a systém riadenia skladu  |2 slo 
650 4 |a ergonómia  |2 slo 
650 4 |a logistika  |2 slo 
650 4 |a ergonomics  |2 eng 
650 4 |a logistics  |2 eng 
650 4 |a ergonomic rationalization  |2 eng 
650 4 |a Heineken Slovensko  |2 eng 
650 4 |a warehouse management system  |2 eng 
700 1 |a Marková, Petra  |u 064000  |k Z1  |4 ths  |U MTF Materiálovotechnologická fakulta  |T MTF Ústav priemyselného inžinierstva a manažmentu  |X 27920  |U M4000  |Y 84  |7 A000027920 
856 4 |u http://is.stuba.sk/zp/portal_zp.pl?podrobnosti=126287 
996 |c M* DP-13183  |l MMSKP  |s P  |a 0  |w stuzp62188_0001